| 000 | 01064cad a22002175a 4500 | ||
|---|---|---|---|
| 001 | E152749 | ||
| 008 | 110419s2010 xxk f 000 0 eng d | ||
| 035 | _a(Sirsi) u152749 | ||
| 041 | 0 | _aeng | |
| 110 | 2 |
_aMcGrigors _95941 |
|
| 245 | 0 | 0 |
_aProperty litigation mini guide _bthe carbon reduction energy efficient scheme (CRC), considerations for landlords and tenants _h[electronic resource] |
| 260 |
_a[Scotland] _bMcGrigors _c2010 |
||
| 490 | 0 |
_aMcGrigors Property Litigation Mini Guide _v(9) September 2010 |
|
| 520 | _aLooks at issues that can arise in relation to energy for landlords and tenants, and suggests possible solutions. Topics covered include penalties for non-compliance. | ||
| 590 | _aKA | ||
| 651 | 4 |
_aScotland _y1999- |
|
| 690 | _aPROPERTY-LEASEHOLD PROPERTY-LANDLORD AND TENANT | ||
| 690 | _aENVIRONMENTAL AND LAND CONSULTANCY-ENERGY-ENERGY USE-ENERGY EFFICIENCY | ||
| 856 | 4 | 0 |
_uhttps://www.mcgrigors.com/pdfdocs/MiniGuide_PropertyLitigation9_CRC_landlords_tenants.PDF _zView the mini guide free of charge at www.mcgrigors.com |
| 942 | _n0 | ||
| 999 |
_c112197 _d112197 |
||